Complete the Card - WWE Fully Loaded 2000 - Statistics

General Stats
  • This quiz has been taken 13 times
  • The average score is 15 of 22
Answer Stats
Answer % Correct
Albert
100%
Test
100%
The Undertaker
100%
Triple H
100%
The Rock
86%
Chris Benoit
71%
Chris Jericho
71%
Christian
71%
Eddie Guerrero
71%
Edge
71%
Jeff Hardy
71%
Matt Hardy
71%
Rikishi
71%
Bradshaw
57%
Faarooq
57%
Kurt Angle
57%
Lita
57%
Perry Saturn
57%
Trish Stratus
57%
Al Snow
43%
Val Venis
43%
Tazz
14%
No matching quizzes found
Score Distribution
Percent of People with Each Score
Percentile by Number Answered
Your Score History
You have not taken this quiz